000 00905nmm a2200289 a 4500
001 ocm0001732367
003 TR-IsHL
005 20201028170502.0
008 170529s2017 tu tur
007 cr cn
020 _a9786059272513
035 _a1732367
_b(N$T)
050 0 4 _aPL248.A35
_bZ45 2017
090 0 4 _aPL248.A35
_bZ45 2017
100 1 _aAdıyaman, Batuhan
245 1 0 _aZelil
_h[electronic resource] /
_cBatuhan Adıyaman ; editör M. Endülüs Özbay
250 _a1. Baskı
260 _aİstanbul :
_bAZ Kitap,
_c2017
300 _a128 p.
650 4 _aDil ve Edebiyat
650 4 _aLanguage and Literature
650 0 _aTürk romanı
650 0 _aTurkish fiction
650 7 _aLITERARY COLLECTIONS / Middle Eastern
_2bisacsh
700 1 _aÖzbay, M. Endülüs
856 4 0 _uhttp://search.ebscohost.com/login.aspx?direct=true&scope=site&db=e011xww&AN=1732367
999 _c16289
_d16289